| 000 | 01266cam a2200289 a 4500 | ||
|---|---|---|---|
| 001 | 15295545 | ||
| 005 | 20090831140029.0 | ||
| 008 | 080509s2008 enka |rb 001 0 eng | ||
| 010 | _a 2008021408 | ||
| 020 | _a0521880378 (hbk.) | ||
| 020 | _a9780521880374 (hbk.) | ||
| 035 | _a(OCoLC)ocn221147457 | ||
| 035 | _a(OCoLC)221147457 | ||
| 040 |
_aDLC _cDLC _dBTCTA _dBAKER _dYDXCP _dC#P _dBWX _dCDX _dIXA _dDLC |
||
| 050 | 0 | 0 |
_aQA76.9.A43 _bB73 2008 |
| 082 | 0 | 0 |
_a005.1 _222 _bBRA |
| 100 | 1 |
_aBrass, Peter. _911736 |
|
| 245 | 1 | 0 |
_aAdvanced Data Structures / _cPeter Brass. |
| 260 |
_aCambridge ; _aNew York : _bCambrige University Press, 2008 _c2008. |
||
| 300 |
_axvi, 456 p. : _bill. ; _c24 cm. |
||
| 504 | _aIncludes bibliographical references (p. 415-440) and indexes. | ||
| 650 | 0 |
_aComputer algorithms. _911737 |
|
| 856 | 4 | 1 |
_3Table of contents only _uhttp://www.loc.gov/catdir/toc/ecip0818/2008021408.html |
| 942 |
_2ddc _cBB |
||
| 999 |
_c13475 _d13475 |
||